Normal view
MARC view
- Courts
Entry Topical Term
001 - CONTROL NUMBER
- control field: 128557
003 - CONTROL NUMBER IDENTIFIER
- control field: NUST
005 - DATE AND TIME OF LATEST TRANSACTION
- control field: 20250328092327.0
008 - FIXED-LENGTH DATA ELEMENTS
- fixed length control field: 250328|| aca||aabn | a|a d
040 ## - CATALOGING SOURCE
- Original cataloging agency: NUST
- Transcribing agency: NUST
150 ## - HEADING--TOPICAL TERM
- Topical term or geographic name entry element: Courts
- Geographic subdivision: Great Britain
670 ## - SOURCE DATA FOUND
- Source citation: Work cat.: (NUST)0: Cownie, Fiona, author. 128555, English legal system in context /
